| 000 | 00998nam a2200289Ia 4500 | ||
|---|---|---|---|
| 005 | 20220117102238.0 | ||
| 008 | 130821s2011 sp gr spa | ||
| 020 | _a9788498790467 (10a.Ed.) | ||
| 020 | _a8481644951 (7a.Ed.) | ||
| 020 | _a8481641669 (2a.Ed.) | ||
| 040 |
_aCo-BoUCM _bspa _cDeissy Garcia (modificó) _d[Nuevo] |
||
| 041 | 0 | 0 | _aspa |
| 100 | 1 | 0 |
_aFerrajoli, Luigi _d1940- _930983 |
| 245 | 1 | 0 |
_aDerecho y razón _bteoría del garantismo penal _cLuigi Ferrajoli ; traducción de Perfecto Andrés Ibañez ... (y otros.) |
| 250 | _aDécima edición | ||
| 260 |
_aMadrid (España) _bTrotta _c2011 |
||
| 300 | _a1019 páginas | ||
| 490 | 0 | _aEstructuras y Procesos. Serie Derecho | |
| 650 | 0 | 4 |
_aDelitos _912564 |
| 650 | 0 | 4 |
_aDerecho penal _912805 |
| 650 | 0 | 4 |
_aFilosofía del derecho _915792 |
| 650 | 0 | 4 |
_aPenas _921249 |
| 650 | 0 | 4 |
_aTeoría del derecho _925308 |
| 765 | _tDiritto e ragione | ||
| 942 |
_cLIBRO _2DEWEY _a8 _e10 _h345 _mF37d _n0 |
||
| 999 |
_c21097 _d21097 |
||